000 00475nam a22001577a 4500
005 20251121102010.0
008 251121b |||||||| |||| 00| 0 eng d
020 _a979-8-88715-341-4
100 _aTHOMAS, DAVE P.
245 _aAGRICULTURAL SCIENCE
_bSALINE AND SODIC SOILS FOR SALT TOLERANCE
260 _aDUBLIN
_bORYSON PRESS
_c2024
300 _aVIII, 290P.
500 _aINCLUDES INDEX
650 _a1. SALINE SOILS 2. SODIC SOILS 3. SOIL SALINITY
942 _2lcc
_cBK
999 _c216246
_d216246